Statistics for Elder Scrolls- All Races (including obscure ones)

Click here to take the quiz!

General Stats

  • This quiz has been taken 223 times
  • The average score is 24 of 45

Answer Stats

HintAnswer% Correct
Elven race led by three "living gods" up until the end of the 3rd eraDunmer
100%
Human Race that Inhabits the province of CyrodiilImperial
99%
Human race that lives in the province of SkyrimNord
99%
Elven race that inhabits Summerset IslesAltmer
98%
Beast race that reveres treesArgonian
96%
Elven Race that follows a moral code that promotes a diet of solely meat and in some circumstances, cannibalismBosmer
95%
Race of men with elven bloodBreton
95%
Beast race that has a strong cultural connection with the moonsKhajiit
95%
Elven race that is often mistaken as a beast raceOrsimer
90%
The only human race with no known ancestral ties to AtmoraRedguard
90%
Mer race that was very technologically advanced before its sudden disappearanceDwemer
89%
Mer race that was enslaved and transformed into vile monstersFalmer
89%
Race of very large men who are known to breed and herd mammothsGiant
70%
Beast race of small tribal humanoids who inhabit caves and dungeonsGoblin
63%
The race of elves which all Tamrielic mer have ancestral ties toAldmer
62%
Mer race that inhabited the heartlandsAyleid
62%
Mer race that left summerset isles to worship daedraChimer
61%
The precursor race to the aboveAtmoran
59%
Giant, slug-like race known for necromancy that inhabit a chain of islands West of TamrielSload
57%
Mer race that inhabits PyandoneaMaormer
56%
Beast race with the body of a man and the head of a bullMinotaur
55%
The race which developed into many other races of menNede
55%
The precursor race to the race of men not from AtmoraYokudan
52%
Icy version of the aboveRiekling
48%
Sentient Trees of Black MarshHist
42%
Aedric shards of AKA which are known for their enslavement of the Atmorans and Nords and their unique and powerful languageDragon
40%
(disputed existence) Race of elves that lived on YokudaLeft Handed Elves
39%
(disputed existence) The race of men who hail from akavir and made up a large portion of the original bladesAkaviri
37%
Race of Akavir that invaded Tamriel during the 1st eraTsaesci
35%
The two races that the answer to the very first question representsColovian
32%
Beast race related to the above that is much larger than an average man or merOgre
29%
Amphibious octopus-like beast race that, according to legend, were once a great civilization from before the 1st eraDreugh
28%
Nibenese
28%
Beast race of gorilla-men that inhabit valenwoodImga
25%
"Ice-Demons" of Akavir that invaded Tamriel during the 2nd eraKamal
23%
Primordial race from the dawn era that was ageless and shapelessEhlnofey
22%
"Tiger Dragons" of Akavir that is led by an ascended dragonKa Po' Tun
21%
Silver-skinned race of men who inhabited Black MarshKothringi
21%
Exclusively female serpentine beast race found all over TamrielLamia
21%
Beast race resembling foxes that used to inhabit southern Black MarshLilmothiit
20%
(disputed existence) Beast Race that inhabited Cyrodiil and was encountered by Topal the PilotBird Men
18%
Three subraces of the reptillian inhabitants of Black Marsh that live in the inner swampsNaga
18%
Akaviri race of monkey-people who live on islands and are generally peacefulTang Mo
17%
Paatru
3%
Sarpa
3%

Score Distribution

Percentile by Number Answered

Percent of People with Each Score

Your Score History

You have not taken this quiz